Statistics for Every Peter Gabriel song that hit the Billboard hot 100

Click here to take the quiz!

General Stats

  • This quiz has been taken 23 times
  • The average score is 6 of 9

Answer Stats

Peak Chart PositionYearSong% Correct
11986Sledgehammer
95%
681977Solsbury Hill
86%
81987Big Time
67%
261986In Your Eyes (Theme From "Say Anything")
67%
291983Shock The Monkey
67%
481980Games Without Frontiers
62%
721987Don't Give Up
57%
521992Digging In The Dirt
48%
321993Steam
43%

Score Distribution

Percentile by Number Answered

Percent of People with Each Score

Your Score History

You have not taken this quiz